000 00674cab a2200229 4500
001 WB2923-37
008 090401t1993 xxu||||| |||| 00| 0 eng d
035 _a(Sirsi) u54374
041 _aeng
245 _aSmooth sales
260 _c1993
350 _a0
490 _aWestern Morning News
_v15 June 1993, 13(1)
520 _aExamines how to ensure that the sales campaign for a country house proceeds smoothly, in the most advantageous manner and with the highest possible price achieved.
650 _aCOUNTRY HOUSES
650 _aMANSIONS
650 _aMARKETING
650 _aPROFESSIONAL ADVICE
690 _aHOUSING
942 _n0
948 _c04/03/1997
999 _c33331
_d33331